| 000 | 01254nam a22002777a 4500 | ||
|---|---|---|---|
| 005 | 20150701092014.0 | ||
| 008 | 150701b2007 ck ||||| |||| 00| 0 spa d | ||
| 040 |
_aCO-BoIAVH _cCO-BoIAVH |
||
| 041 | _aspa | ||
| 044 | _ack | ||
| 090 |
_aAR _b01887 |
||
| 100 | 1 |
_aSalaman, Paul _922621 |
|
| 245 | 1 |
_aBirds of Serranía de los Churumbelos, their conservation and elevational distribution/ _cPaul Salaman... [et. al.] |
|
| 260 | 3 |
_aBogotá _bProAves, _c2007. |
|
| 300 | _aAño 2007, Nro 3, Agosto, Pag. 29-58. | ||
| 500 | _aIncluye inventario de aves de la Serranía de los Churumbelos (Pag. 56-64). | ||
| 504 | _aIncluye referencias bibliográficas (Pag. 44-45). | ||
| 520 | _aUn total de 462 especies de aves fueron registradas en la Serranía de los Churumbelos empleando observaciones, grabación de vocalizaciones y captura con redes de niebla. | ||
| 650 | 4 |
_aAves _xEspecies _zRegión Andina _zColombia _935087 |
|
| 650 | 4 |
_aAves amenazadas _zCordillera Central de los Andes _zColombia _935088 |
|
| 700 | 1 |
_aDonegan, Thomas _929309 |
|
| 700 | 1 |
_aDavison, Dan _935084 |
|
| 700 | 1 |
_aOchoa Quintero, José Manuel _95022 |
|
| 773 | 0 |
_dBogotá : Fundación ProAves, 2006- _o038447 _tRevista Conservación Colombiana _x19001592 |
|
| 942 |
_2z _cARTICULO |
||
| 999 |
_c17504 _d17504 |
||